| 000 | 00411nam a2200145Ia 4500 | ||
|---|---|---|---|
| 008 | 210210b1985 xxu||||| |||| 00| 0 eng d | ||
| 082 | _a954.01 SARS | ||
| 100 | _aSARKAR (S C). | ||
| 245 | _aSome aspects of the earliest social history of India (pre-buddhistic ages). Ed 1. | ||
| 250 | _a | ||
| 260 |
_aPatna. _bJanaki Prakashan., _c1985 |
||
| 300 | _axi,v244,iii | ||
| 690 | _aIndian History | ||
| 906 | _a044145 | ||
| 999 |
_c93423 _d93423 |
||